London's royal triumph for the city's loyal magistrate : in an exact description of several scenes and pageants, adorned with magnificent representations, performed on Wednesday, October XXIX at the installation and inauguration of the Right Honourable Sir James Smith, Knight, Lord Mayor of the city of London ... /

Bibliographic Details
Main Author: Jordan, Thomas, 1612?-1685?
Other Authors: Smythe, James, Sir, 1642-1706
Format: Microform Book
Language:English
Series:Early English books, 1641-1700 ; 962:36.
Subjects:

MARC

Tag First Indicator Second Indicator Subfields
LEADER 00000cam a2200000 a 4500
001 in00000951981
005 20150925170136.0
007 hd afv|||baca
008 850919r19791684miu a 00010 eng d
035 |a (OCoLC)12576572 
035 |9 AET0322AM 
037 |a CL0037000031  |b UMI 
037 |b University Microfilms International, 300 N. Zeeb Rd., Ann Arbor, MI 48106 
040 |a EAA  |c EAA  |d m/c  |d OCL  |d UtOrBLW 
043 |a e-uk--- 
049 |a TXAI 
099 |a film   |a  B   |a  3609 
100 1 |a Jordan, Thomas,  |d 1612?-1685? 
245 1 0 |a London's royal triumph for the city's loyal magistrate :  |b in an exact description of several scenes and pageants, adorned with magnificent representations, performed on Wednesday, October XXIX at the installation and inauguration of the Right Honourable Sir James Smith, Knight, Lord Mayor of the city of London ... /  |c devised and composed by Tho. Jordan ... 
264 3 |a London :  |b Printed for John and Henry Playford, 1684.  |c [date of publication not identified] 
300 |a 4 unnumbered pages, 16 pages 
336 |a text  |b txt  |2 rdacontent 
337 |a microform  |b h  |2 rdamedia 
338 |a microfilm reel  |b hd  |2 rdacarrier 
500 |a Reproduction of original in Bodleian Library. 
500 |a Advertisement: page [2]. 
510 4 |a Wing  |c J1041 
533 |a Microfilm.  |b Ann Arbor, Mich. :  |c University Microfilms International,  |d 1979.  |e 1 microfilm reel ; 35 mm.  |f (Early English books, 1641-1700 ; 962:36) 
500 |a Microform. 
651 0 |a London (England)  |x History  |y 17th century. 
700 1 |a Smythe, James,  |c Sir,  |d 1642-1706. 
830 0 |a Early English books, 1641-1700 ;  |v 962:36. 
999 |a MARS 
999 f f |s 928cf17b-dbb8-377e-99e5-e1e2a35de448  |i 98f4552f-b7c2-3c39-9619-d67de44b5b01  |t 0 
952 f f |p default  |a Texas A&M University  |b College Station  |c Sterling C. Evans Library  |d Evans: Microforms (3rd floor)  |t 0  |e film B 3609 962:36  |h Other scheme  |i microform -- microfilm reel 
998 f f |a film B 3609 962:36  |t 0  |l Evans: Microforms (3rd floor)